Normal view
MARC view
- د.م
Entry Personal Name
001 - CONTROL NUMBER
- control field: 41060
003 - CONTROL NUMBER IDENTIFIER
- control field: JO-AjAnu
005 - DATE AND TIME OF LATEST TRANSACTION
- control field: 20230606080824.0
008 - FIXED-LENGTH DATA ELEMENTS
- fixed length control field: 230606|| aca||aabn | a|a d
040 ## - CATALOGING SOURCE
- Original cataloging agency: JO-AjAnu
- Transcribing agency: JO-AjAnu
100 ## - HEADING--PERSONAL NAME
- Personal name: د.م
670 ## - SOURCE DATA FOUND
- Source citation: Work cat.: (JO-AjAnu)21043: د.م, author, الإنسان ومستقبل الحضارة :وجهة نظر إسلامية/كتاب المؤتمر العام التاسع -عمان 23-25محرم 1414هـ /13-15 تموز 1993م